Architects and Architecture - Statistics

General Stats
  • This quiz has been taken 1,573 times
  • The average score is 9 of 15
Answer Stats
Hint Answer % Correct
The unique Sagrada Familia church designed by Catalan architect Antoni Gaudí is found in what city? Barcelona, Spain
87%
Chinese-American architect I.M. Pei designed a glass, pyramidal entrance to this famous museum. Louvre
84%
Frank Lloyd Wright designed what art museum in Manhattan? Guggenheim
82%
Danish architect Jørn Utzon designed the 20th-c. opera house which became the symbol of this southern-hemisphere city. Sydney, Australia
80%
German architect Walter Gropius founded this famous school of architecture. Bauhaus
73%
Michelangelo’s most famous architectural work is the dome of this basilica. St. Peter’s
73%
New York City’s Chrysler Building is a prominent example of this art & architectural style. Art Deco
69%
Filippo Brunelleschi designed the much-admired 15th-century dome of the cathedral in this Italian city. Florence
69%
Canadian-American architect Frank Gehry designed a concert hall named for this pioneering animator and film producer. Walt Disney
65%
Wright also designed this famous house in Pennsylvania. Fallingwater
64%
Finnish architect Eero Saarinen is perhaps best known for this St. Louis structure. Gateway Arch
57%
Name England’s most famous architect, designer of St. Paul’s Cathedral in the 17th century. Sir Christopher Wren
42%
Louis H. Sullivan, active in the late 19th century, is known as “The Father of” this type of structure. skyscraper
36%
Arguably the most beautiful mausoleum in the world is the 17th-c. structure in this Asian city. Agra, India
31%
Of course, the Parthenon is in Athens, Greece. But in what U.S. city can you find a full-scale replica? Nashville, Tennessee
22%
No matching quizzes found
Score Distribution
Percent of People with Each Score
Percentile by Number Answered
Your Score History
You have not taken this quiz